000 00277nam a2200097Ia 4500
008 240331s9999 xx 000 0 und d
082 _bCOO
100 _aCoomarswami,R
245 3 _aAn annotated bibliography on vilence against women in south Asia actions and responses
942 _cL
999 _c4981
_d4981